Rozpoznasz reprezentantów Polski w siatkówce w XXI w.? - Statystyki

Ogólne statystyki
  • Ten quiz został rozwiązany 39 razy
  • Średni wynik to 10 z 16
Statystyki odpowiedzi
Obrazkowy Odpowiedź % Poprawnych
Bartosz Kurek
100%
Michał Winiarski
89%
Marcin Możdżonek
80%
Michał Kubiak
77%
Piotr Nowakowski
77%
Sebastian Świderski
77%
Paweł Zagumny
74%
Paweł Zatorski
74%
Piotr Gruszka
74%
Krzysztof Ignaczak
66%
Łukasz Kadziewicz
54%
Łukasz Żygadło
54%
Dawid Murek
46%
Michał Bąkiewicz
46%
Michał Ruciak
31%
Andrzej Stelmach
17%
Nie znaleziono quizów pasujących do podanych kryteriów
Rozkład punktacji
Procent ludzi z każdym wynikiem
Percentyl według liczby udzielonych odpowiedzi
Twoja historia wyników
Nie rozwiązałeś tego quizu